Central Library OPAC University of Rajshahi

ব্যাথা যখন কথা বলে স্মৃতির পাতায় / (Record no. 86476)

MARC details
000 -LEADER
fixed length control field 00920nam a2200217 a 4500
001 - CONTROL NUMBER
control field 86476
003 - CONTROL NUMBER IDENTIFIER
rucl marc code BD-RjUL
005 - DATE AND TIME OF LATEST TRANSACTION
control field 20260514111355.0
008 - FIXED-LENGTH DATA ELEMENTS--GENERAL INFORMATION
fixed length control field 260514s2025 bg ||||| |||| 00| 0 ben d
035 ## - SYSTEM CONTROL NUMBER
System control number (BD-RjUL)86476
040 ## - CATALOGING SOURCE
Original cataloging agency BD-RjUL
Language of cataloging eng
Transcribing agency BD-RjUL
041 ## - LANGUAGE CODE
Language code of text/sound track or separate title ben
082 ## - DEWEY DECIMAL CLASSIFICATION NUMBER
Edition number 23
Classification number 371.81095492
Author mark and year BEB 2025
100 ## - MAIN ENTRY--PERSONAL NAME
Personal name বেগম, মোছা. সুমি
9 (RLIN) 18471
245 ## - TITLE STATEMENT
Title ব্যাথা যখন কথা বলে স্মৃতির পাতায় /
Statement of responsibility, etc. মোছা. সুমি বেগম
260 ## - PUBLICATION, DISTRIBUTION, ETC. (IMPRINT)
Place of publication, distribution, etc. ঢাকা :
Name of publisher, distributor, etc. অপরাজিতা প্রকাশনী,
Date of publication, distribution, etc. ২০২৫
300 ## - PHYSICAL DESCRIPTION
Pagination ১১২ পৃ. :
Illustrations চিত্রসমূহ;
Size ২২ সেমি.
650 ## - SUBJECT ADDED ENTRY--TOPICAL TERM
Topical term or geographic name as entry element ছাত্র আন্দোলন
Chronological subdivision জুলাই, ২০২৪
Geographic subdivision বাংলাদেশ
9 (RLIN) 18472
Topical term or geographic name as entry element Student movements
Chronological subdivision July, 2024
Geographic subdivision Bangladesh
9 (RLIN) 18473
942 ## - ADDED ENTRY ELEMENTS (KOHA)
Source of classification or shelving scheme Dewey Decimal Classification
Koha item type Books
Holdings
Lost status Source of classification or shelving scheme Damaged status Not for loan Collection code Permanent Location Current Location Shelving location Date acquired Source of acquisition Total Checkouts Full call number Date last seen Copy number Koha item type
  Dewey Decimal Classification   Not For Loan Non-fiction Central Library, University of Rajshahi Central Library, University of Rajshahi Reading Room 16/04/2026 Author   B 371.81095492 BEB 2025 14/05/2026 C-1 Books